|
|
|
|
| LEADER |
00725nam a22002057a 4500 |
| 001 |
c000102466 |
| 003 |
CARM |
| 005 |
00000000000000.0 |
| 008 |
981207s1968 enk 00001 eng d |
| 019 |
1 |
|
|a 14282861
|5 LACONCORD2021
|
| 020 |
|
|
|a 034001718X
|
| 035 |
|
|
|a (OCoLC)222321666
|5 LACONCORD2021
|
| 040 |
|
|
|a VLINC
|c VLINC
|
| 100 |
1 |
|
|a Charteris, Leslie,
|d 1907-
|
| 245 |
1 |
4 |
|a The saint in New York /
|c Leslie Charteris.
|
| 260 |
|
|
|a London :
|b Hodder Paperbacks,
|c 1968.
|
| 300 |
|
|
|a 191 p.
|
| 852 |
8 |
|
|b CARM
|h A2:AI24G0
|i A02057
|p 0151429
|f BK
|
| 999 |
f |
f |
|i 746e22db-2568-52cc-b7b5-12a76e34c83f
|s 03871de1-61e3-5d11-afa3-0b3d74a0ef7f
|
| 952 |
f |
f |
|p Can circulate
|a CAVAL
|b CAVAL
|c CAVAL
|d CARM 1 Store
|e A02057
|f A2:AI24G0
|h Other scheme
|i book
|m 0151429
|